| 000 | 00709nam a22001697a 4500 | ||
|---|---|---|---|
| 005 | 20250217133735.0 | ||
| 008 | 250217b |||||||| |||| 00| 0 eng d | ||
| 082 |
_22024 _aUT |
||
| 100 |
_aPantinople, Jann Paul O. _965384 |
||
| 245 |
_aPerceived environmental effect of the sanitary landfill in Barangay Matutungan, Sta. Cruz. Davao Del Sur: _bBasis for Intervention / _cJann Paul O. Pantinople, Aries A. Agton, and Mapa, Krystle Rose P. |
||
| 260 |
_aDigos City : _bUMDC, _c ©May 2024. |
||
| 300 |
_aviii, 122 pages : _billustration (some colors) ; _c30 cm. |
||
| 500 | _aIncludes references and appendices. | ||
| 700 |
_aAgton, Aries A. _965390 |
||
| 700 |
_aMapa, Krystle Rose P. _965383 |
||
| 942 |
_2ddc _cUT |
||
| 999 |
_c23465 _d23465 |
||